000 00527pab a2200205 454500
008 180718b2014 xxu||||| |||| 00| 0 eng d
100 _aCheibub, Jose Antonio
245 _aBeyond presidentialism and parliamentarism
260 _c2014
300 _ap.515-544.
362 _aJul
650 _aParliamentarism
650 _aPresidentialism
650 _aPolitical theory
700 _aGinsburg, Tom
700 _aElkins, Zachary
773 _aBritish Journal of Political Science
908 _aN
909 _a104568
999 _c104564
_d104564